书目信息 |
| 书名: | The grapes of wrath | |
| 作者: | John Steinbeck. | |
| 分册号: | ||
| 分册名: | 出版地: | New York : |
|
| 出版社: | Pan Books in association with Heinemann | |
| 出版时间: | 1975. | |
| 页数: | 479 p. ; | |
| 开本: | 17 cm. | |
| 丛书名: | ||
| 中图分类号: | ||
| 科图分类号: | ||
| 其他分类号: | H319.4 | |
| 主题词: | ||
| 电子资源: | ||
| 000 | 01132nam 2200337 a 4500 | |
| 001 | E0759333375 | |
| 004 | 001332262 | |
| 005 | 20070302141819.23 | |
| 008 | eng | |
| 008 | 4001uueng0000000 | |
| 008 | eng 1975 | |
| 020 | @a0-330-24433-7 :@cCNY1.90. | |
| 040 | @aCcBjTSG | |
| 043 | @an-us-ca | |
| 050 | 00 | @aPS3537.T3234 @bG856 1988 |
| 082 | 00 | @a813/.52 @219 |
| 090 | @aI712.45 @bS819G | |
| 090 | @aH319.4 | |
| 096 | @aI712.45 | |
| 099 | @dH319.4@ex222 | |
| 100 | 1 | @aSteinbeck, John, |
| 245 | 14 | @aThe grapes of wrath / @cJohn Steinbeck. |
| 260 | @aNew York :@bPan Books in association with Heinemann,@c1975. | |
| 300 | @a479 p. ;@c17 cm. | |
| 500 | @a"Complete and unabridged." -- Cover. | |
| 650 | 0 | @aMigrant agricultural laborers in literature. |
| 650 | 0 | @aLabor camps in literature. |
| 650 | 0 | @aRural families in literature. |
| 650 | 0 | @aDepressions in literature. |
| 651 | 0 | @aCalifornia @xIn literature. @b02 @c20060808 @lNLC09 @h0928 @b40 @c20061025 @lNLC09 @h1037 @b40 @c20061025 @lNLC09 @h1039 @b40 @c20061107 @lNLC09 @h1358 |
| 852 | 91 | @bWWJC @cJ09 @k2-2006 @hI712.45 @iS819G |
| The grapes of wrath / / John Steinbeck.-New York : : Pan Books in association with Heinemann, , 1975. |
| 479 p. ; ; 17 cm. |
| "Complete and unabridged." -- Cover. |
| ISBN 0-330-24433-7 :CNY1.90. |
| ● |
| 相关链接 |
|
|
|
|
正题名:grapes of wrath
索取号:H319.4/x222
 
预约/预借
| 序号 | 登录号 | 条形码 | 馆藏地/架位号 | 状态 | 备注 |
| 1 | 0000108 | 300001085 | 第四借阅区/ [索取号:H319.4/x222] | 在馆 | |
| 2 | 132631 | 001432293 | 密集书库/ [索取号:H319.4/x222] | 在馆 | |
| 3 | 132632 | 001431427 | 密集书库/ [索取号:H319.4/x222] | 在馆 | |
| 4 | 46143 | 001431392 | 第四借阅区/ [索取号:H319.4/x222] | 在馆 | |
| 5 | 46144 | 001431409 | 第四借阅区/ [索取号:H319.4/x222] | 在馆 | |
| 6 | 46145 | 001432328 | 第四借阅区/ [索取号:H319.4/x222] | 在馆 | |
| 7 | 46146 | 001431418 | 密集书库/ [索取号:H319.4/x222] | 在馆 | |
| 8 | 47531 | 001431374 | 密集书库/ [索取号:H319.4/x222] | 在馆 | |
| 9 | 47532 | 001432319 | 密集书库/ [索取号:H319.4/x222] | 在馆 | |
| 10 | 47533 | 001431383 | 密集书库/ [索取号:H319.4/x222] | 在馆 | |
| 11 | 47534 | 001431436 | 密集书库/ [索取号:H319.4/x222] | 在馆 | |
| 12 | 47535 | 001432300 | 密集书库/ [索取号:H319.4/x222] | 在馆 |